000 00426nab a2200145Ia 4500
003 ES-SlBCS
005 20210601124305.0
008 140529s1976 xxu||||| |||| 00| 0 eng d
041 _aeng
100 1 _aWilliams, David C.
_9139236
245 0 0 _aRessentiment and Schooling
_c David C. Williams
650 0 4 _aEscolarización
_9139175
773 0 _tEducational Theory
_gvol. 26, nº. 1, 1976, págs. 72-80
_wRev1399
942 _cAR
999 _c512394
_d512394